000 00533nam a2200169 i 4500
001 57542
003 ES-MaACL
005 20230906163610.0
007 t|
008 031016s1931 sp ||||1| spa d
100 1 _aDomínguez, Matías.
_945174
245 1 0 _aProcedimientos judiciales para las oposiciones a ingreso en el cuerpo de abogados del Estado /
_cMatías Domínguez y Rafael de Pina.
260 _aMadrid :
_bReus,
_c1931.
300 _a609 p. ;
_c23 cm.
700 1 _aPina, Rafael de.
_992067
852 _aES-MaACL
_jA-4779
999 _c57542
_d57542